000 00901nam a2200253 i 4500
001 187686
003 ES-MaACL
005 20250804010653.0
008 180116s1995 sp |||| | spa d
080 _a84-206-0290-6
100 1 _aSáenz Ridruejo, Clemente.
_9164082
245 1 4 _aLos ríos /
_cClemente Sáenz Ridruejo, Miguel Arenillas Parra.
250 _a1ª ed., 1ª reimp. en "El Libro de Bolsillo".
260 _aMadrid :
_bAlianza Editorial,
_c1995.
300 _a386 p. :
_bil. ;
_c18 cm.
490 1 _aGuía física de España ;
_v3
490 1 _aEl libro de bolsillo. Sección geografía ;
_v1290
650 4 _aRíos-
_zEspaña.
_9142267
700 1 _aArenillas Parra, Miguel.
_9164083
830 0 _aGuía física de España ;
_v3
_9192813
830 0 3 _aEl libro de bolsillo.
_pGeografía
_v1290
_9219638
852 _aES-MaACL
_jL-31833
999 _c187686
_d187686